Experimental Investigation of a Mini Turbofan Engine with Respect to Turbojet for its Thrust Modulation / (Record no. 607311)
[ view plain ]
| 000 -LEADER | |
|---|---|
| fixed length control field | 02098nam a22001577a 4500 |
| 082 ## - DEWEY DECIMAL CLASSIFICATION NUMBER | |
| Classification number | 670 |
| 100 ## - MAIN ENTRY--PERSONAL NAME | |
| Personal name | Tahir, Hamza |
| 245 ## - TITLE STATEMENT | |
| Title | Experimental Investigation of a Mini Turbofan Engine with Respect to Turbojet for its Thrust Modulation / |
| Statement of responsibility, etc. | Hamza Tahir |
| 264 ## - PRODUCTION, PUBLICATION, DISTRIBUTION, MANUFACTURE, AND COPYRIGHT NOTICE | |
| Place of production, publication, distribution, manufacture | Islamabad : |
| Name of producer, publisher, distributor, manufacturer | SMME- NUST; |
| Date of production, publication, distribution, manufacture, or copyright notice | 2019. |
| 300 ## - PHYSICAL DESCRIPTION | |
| Extent | 59p. |
| Other physical details | Soft Copy |
| Dimensions | 30cm |
| 520 ## - SUMMARY, ETC. | |
| Summary, etc. | Gas turbine engines have been used in power houses, ships and aircrafts in general for propulsion.<br/>They are extremely powerful for their size and have very high thermal efficiency. Large airliners<br/>and military aircrafts use turbofans while small scale aircrafts such as mini UAVs and ultralight<br/>jet still use turbojets which are not as fuel efficient as turbofans. The purpose of this research is to<br/>investigate whether a mini turbofan should be developed for UAVs or not. Would it be more fuel<br/>efficient than the similar sized-turbojet as is the case in large scale turbofans?<br/>For this purpose, a mini turbofan was developed by taking off-the-shelf turbojet, installed a fan on<br/>the turbojet via a secondary turbine and a gearbox. A K60-TP engine manufactured by KingTech<br/>was used. A fan was attached to the engine inside a shroud and mounted on a test stand. The engine<br/>was run at different throttle positions where the fan’s RPM, fuel consumption, and thrust were<br/>recorded. With the available data, the Thrust Specific Fuel Consumption (TSFC) was calculated<br/>and was compared to a turbojet of the comparable size and thrust.<br/>It was observed that the turbofan came out to be 38% more fuel efficient than the turbojet. The<br/>results indicate that a mini turbofan would be more economical to operate than a turbojet of its<br/>comparable size, hence development of mini turbofan engines for commercial purpose is desirous.<br/>Mini turbofans, if commercially produced, would eventually phase out mini turbojets currently in<br/>use. |
| 650 ## - SUBJECT ADDED ENTRY--TOPICAL TERM | |
| Topical term or geographic name entry element | MS Design and Manufacturing Engineering |
| 700 ## - ADDED ENTRY--PERSONAL NAME | |
| Personal name | Supervisor : Dr. Emad Uddin |
| 856 ## - ELECTRONIC LOCATION AND ACCESS | |
| Uniform Resource Identifier | <a href="http://10.250.8.41:8080/xmlui/handle/123456789/35543">http://10.250.8.41:8080/xmlui/handle/123456789/35543</a> |
| 942 ## - ADDED ENTRY ELEMENTS (KOHA) | |
| Source of classification or shelving scheme | |
| Koha item type | Thesis |
| Withdrawn status | Permanent Location | Current Location | Shelving location | Date acquired | Full call number | Barcode | Koha item type |
|---|---|---|---|---|---|---|---|
| School of Mechanical & Manufacturing Engineering (SMME) | School of Mechanical & Manufacturing Engineering (SMME) | E-Books | 12/12/2023 | 670 | SMME-TH-888 | Thesis |
